Ember a tájban - táj az emberben, avagy, Az epikus lírája

Bibliographic Details
Main Author: Szeberényi, Zoltán, 1930- (Author)
Format: Article
Language:Hungarian
Slovak
Subjects:

MARC

LEADER 00000nab a2200000 ar4500
001 vtls008418468
003 SK-MaSNL
005 20260319071312.0
008 051214c2005 xo ||||||||o |000 b|hun
015 |a SNBRB2005/12  |2 snkbucl 
038 |a SNKBUCL 
040 |a DSZK  |b slo  |c DSZK  |e AACR2 
041 0 |a slo 
044 |a xo  |c SK 
080 |a 82.09:821.511.141 (437.6)-4=511.141  |x (048)  |2 UDC-MRF-SK2 
080 |a 821.511.141 (437.6)-4=511.141  |x (048)  |2 UDC-MRF-SK2 
100 1 |a Szeberényi, Zoltán,  |d 1930-  |4 aut  |9 108103 
245 1 0 |a Ember a tájban - táj az emberben, avagy, Az epikus lírája  |c Szeberényi Zoltán 
650 0 7 |a eseje, maďarské  |x recenzie  |2 snkbucl  |9 15696 
650 0 7 |a literárne črty, maďarské  |x recenzie  |2 snkbucl  |9 1066993 
655 7 |a recenzie  |2 snkbucl  |9 21907 
773 0 |t Irodalmi szemle  |g Évf. XLVIII, sz. 11 (2005), o. 64-68  |x 1336-5088 
787 0 8 |i Rec.:  |a Duba, Gyula, 1930-  |t Szerelmes földrajzom  |d Pozsony : Madách-Posonium, 2004 
852 |a SNK  |b KIS3GCP 
852 |a DSZK  |b KIS3GCP 
958 |a HU 
958 |a SK 
958 |a LX 
958 |a RC 
999 |c 1753733  |d 1755663